|
|
|
|
| LEADER |
00000nab a2200000 a 4500 |
| 001 |
vtls010198914 |
| 003 |
SK-MaSNL |
| 005 |
20260304161055.0 |
| 008 |
250507c2009 xo ||||||||||||00 b|slo |
| 015 |
|
|
|a SNBRB2010/12
|2 snkbucl
|
| 035 |
|
|
|a (uuid)b3b5a620-0857-406b-aa38-509c63e15be0
|
| 035 |
|
|
|a urn:nbn:sk:snk-ababyb
|
| 035 |
|
|
|a (urnnbn)urn:nbn:sk:snk:ar-007onf
|
| 038 |
|
|
|a SNKBUCL
|
| 040 |
|
|
|a SNKBUCL
|b slo
|c SNKBUCL
|e AACR2
|
| 041 |
0 |
|
|a slo
|b eng
|
| 044 |
|
|
|a xo
|c SK
|
| 080 |
|
|
|a 581.526.3
|x (437.6)
|2 1997
|
| 080 |
|
|
|a 581.9(204)
|x (437.6)
|2 1997
|
| 080 |
|
|
|a 574.5:58
|x (437.6)
|2 1997
|
| 100 |
1 |
|
|a Dorotovičová, Csilla,
|d 1963-
|4 aut
|9 92412
|
| 245 |
1 |
0 |
|a Výskum makrofytnej vegetácie kanálov južného Slovenska
|b predbežné výsledky rozšírenia druhov
|c Csilla Dorotovičová
|
| 300 |
|
|
|b Obr., tab.
|
| 504 |
|
|
|a Bibliogr. odkazy
|
| 546 |
|
|
|a Res. angl.
|
| 650 |
0 |
7 |
|a makrofyty
|2 snkbucl
|9 112483
|
| 650 |
0 |
7 |
|a vodné rastliny
|2 snkbucl
|9 2725
|
| 650 |
0 |
7 |
|a vodné kanály
|2 snkbucl
|9 83940
|
| 651 |
|
7 |
|a Slovensko južné
|2 snkbucl
|9 161138
|
| 773 |
0 |
|
|t Naturae tutela
|g Roč. 13, č. 2 (2009), s. 197-204
|x 1336-7609
|
| 850 |
|
|
|a Slovenská národná knižnica
|
| 852 |
|
|
|a Slovenská národná knižnica
|
| 954 |
|
|
|a odborná, vedecká literatúra pôvodná (slovenská)
|2 lita
|
| 958 |
|
|
|a article14
|
| 958 |
|
|
|a OND
|
| 958 |
|
|
|a NB
|
| 958 |
|
|
|a SK
|
| 958 |
|
|
|a EUIPO
|
| 999 |
|
|
|c 2969887
|d 2971817
|